[Event "World Youth Open U16 2016"]
[Site "Khanty-Mansiysk RUS"]
[Date "2016.10.03"]
[Round "11.31"]
[White "Poleg, Dan"]
[Black "Savic, Mihailo S"]
[Result "1-0"]
[WhiteElo "2321"]
[BlackElo "2067"]
[WhiteFideId "2812398"]
[BlackFideId "919934"]
[EventDate "2016.09.22"]

1. e4 e6 2. d3 d5 3. Qe2 Nf6 4. Nf3 Be7 5. g3 b6 6. e5 Nfd7 7. Bg2 c5 8. O-O Nc6
9. c4 d4 10. h4 Bb7 11. Bf4 h6 12. h5 Qc7 13. Nbd2 O-O-O 14. a3 g5 15. hxg6 fxg6
16. g4 g5 17. Bg3 h5 18. Rfe1 Rdg8 19. Rab1 Nf8 20. Ne4 hxg4 21. Nh2 Ng6 22.
Nd6+ Kb8 23. Nxb7 Qxb7 24. Qe4 Nd8 25. Qxg4 Qc7 26. Qe4 Kc8 27. Ng4 Nh4 28. Qa8+
Qb8 29. Qxb8+ Kxb8 30. Be4 Kc7 31. Kf1 Nf5 32. Ke2 Nf7 33. Rh1 N7h6 34. Nxh6
Nxh6 35. f4 g4 36. Rbg1 Nf5 37. Rxh8 Rxh8 38. Bf2 Rg8 39. Rh1 Rg7 40. Bxf5 exf5
41. Rh5 Rf7 42. Bh4 Kd7 43. Bxe7 Kxe7 44. Kf2 Kf8 45. Rg5 Ke7 46. Kg3 Ke8 47.
Rh5 a5 48. Rh6 Rb7 49. Rh8+ Kd7 50. a4 Kc6 51. Rh6+ Kc7 52. Rf6 Kb8 53. Rxf5 Rh7
54. Kxg4 Rh1 55. Rh5 Rg1+ 56. Kf5 1-0

[Event "World Youth Open U16 2016"]
[Site "Khanty-Mansiysk RUS"]
[Date "2016.10.03"]
[Round "11.32"]
[White "Carnicelli, Valerio"]
[Black "Kristensen, Bjarke Hautop"]
[Result "1-0"]
[WhiteElo "2329"]
[BlackElo "2039"]
[WhiteFideId "856185"]
[BlackFideId "1437747"]
[EventDate "2016.09.22"]

1. e4 c5 2. Nf3 e6 3. d4 cxd4 4. Nxd4 Nc6 5. Nc3 Qc7 6. Be3 a6 7. Qd2 Nf6 8. f3
Be7 9. O-O-O b5 10. Kb1 Nxd4 11. Qxd4 Bb7 12. g4 Rc8 13. g5 Nh5 14. Qd2 Bb4 15.
Bh3 g6 16. Bd4 O-O 17. Bg4 Nf4 18. Be3 e5 19. Bxf4 exf4 20. Qxd7 Bxc3 21. bxc3
Qxc3 22. Qd3 Rc5 23. Qxc3 Rxc3 24. Rd3 Rc5 25. h4 Bc8 26. Rg1 a5 27. Rd2 Be6 28.
Rd6 Re8 29. Bxe6 fxe6 30. Rgd1 h6 31. gxh6 Kh7 32. Rd7+ Kxh6 33. Rf7 e5 34. Rdd7
Rh8 35. Rfe7 g5 36. Re6+ Kh5 37. hxg5 Kxg5 38. Rg7+ Kh4 39. Rg1 Rc3 40. Rh1+ Kg3
41. Rxh8 Rxf3 42. a4 1-0

[Event "World Youth Open U16 2016"]
[Site "Khanty-Mansiysk RUS"]
[Date "2016.10.03"]
[Round "11.33"]
[White "Shkurkin, Andrey"]
[Black "Bold, Khosbayar"]
[Result "1-0"]
[WhiteTitle "FM"]
[WhiteElo "2190"]
[BlackElo "1926"]
[WhiteFideId "34179647"]
[BlackFideId "4903692"]
[EventDate "2016.09.22"]

1. d4 Nf6 2. c4 e6 3. g3 d5 4. Bg2 Nbd7 5. Nf3 Be7 6. O-O c6 7. Nbd2 b6 8. Qc2
Bb7 9. b3 O-O 10. Bb2 Rc8 11. e4 dxe4 12. Nxe4 c5 13. Nxf6+ Nxf6 14. Rad1 Qc7
15. dxc5 Qxc5 16. Bd4 Qh5 17. Qe2 Rcd8 18. Bb2 e5 19. h3 Bc5 20. g4 Nxg4 21.
hxg4 Qxg4 22. Rxd8 Rxd8 23. Rd1 Re8 24. Kf1 e4 25. Ne5 Qh4 26. Nd7 Be7 27. Qe3
Rd8 28. Qg3 Qxg3 29. fxg3 g5 30. Ke1 Bb4+ 31. Ke2 Rc8 32. Nf6+ Kh8 33. Bh3 Ra8
34. Nd7+ 1-0

[Event "World Youth Open U16 2016"]
[Site "Khanty-Mansiysk RUS"]
[Date "2016.10.03"]
[Round "11.34"]
[White "Den Hartog, Marijn"]
[Black "Petersen, Caleb"]
[Result "1-0"]
[WhiteElo "2190"]
[BlackElo "1884"]
[WhiteFideId "1046098"]
[BlackFideId "2622734"]
[EventDate "2016.09.22"]

1. e4 c5 2. Ne2 d6 3. g3 g6 4. Bg2 Bg7 5. c3 Nf6 6. d4 cxd4 7. cxd4 O-O 8. Nbc3
Nbd7 9. O-O Rb8 10. a4 a6 11. Qd3 e5 12. d5 Nc5 13. Qc2 a5 14. Be3 Nfd7 15. Nb5
Qe7 16. Rfc1 b6 17. Na7 Bb7 18. Nc3 f5 19. Nc6 Bxc6 20. dxc6 Nf6 21. exf5 e4 22.
fxg6 hxg6 23. c7 Rbc8 24. Bxc5 bxc5 25. Nxe4 Nxe4 26. Bxe4 Bd4 27. Rf1 g5 28.
Rae1 Qxc7 29. Qc4+ Kg7 30. Qd5 Be5 31. Qc4 Qf7 1-0

[Event "World Youth Open U16 2016"]
[Site "Khanty-Mansiysk RUS"]
[Date "2016.10.03"]
[Round "11.35"]
[White "Min, Po-Yen"]
[Black "Kalinouski, Siarhei"]
[Result "1-0"]
[WhiteElo "1842"]
[BlackElo "2169"]
[WhiteFideId "16300203"]
[BlackFideId "13507060"]
[EventDate "2016.09.22"]

1. d4 d5 2. c4 e6 3. Nc3 Nf6 4. cxd5 exd5 5. Bg5 Be7 6. e3 h6 7. Bh4 O-O 8. Bd3
c6 9. Qc2 a5 10. Nge2 Na6 11. a3 b5 12. O-O Bd7 13. f3 Rc8 14. Qd2 Nc7 15. Bg3
Ne6 16. Kh1 b4 17. Na4 c5 18. Nxc5 Nxc5 19. dxc5 Bxc5 20. Nd4 Qe7 21. a4 Nh5 22.
Bf2 f5 23. Nb3 Bb6 24. Ba6 Rcd8 25. Qxd5+ Kh8 26. Qc4 f4 27. exf4 Bxf2 28. Rxf2
Rxf4 29. Qc5 Qf7 30. Nxa5 Rf5 31. Qxb4 Qf6 32. Bd3 Rf4 33. Qc3 Qb6 34. Re2 Rh4
35. Qe5 Nf6 36. Nc4 Qb3 37. Nd6 Ra8 38. Ra3 Qb4 39. g3 Rh5 40. Qe7 Qc5 41. Nf7+
Kg8 42. Qxc5 Rxc5 43. Ne5 Bh3 44. Bc4+ Kh7 45. b4 Rc7 46. Kg1 Rd8 47. Rd3 Re8
48. Rd4 Rce7 49. f4 1-0

[Event "World Youth Open U16 2016"]
[Site "Khanty-Mansiysk RUS"]
[Date "2016.10.03"]
[Round "11.36"]
[White "Khodashneli, Shota"]
[Black "Anaskin, Arsenij"]
[Result "0-1"]
[WhiteElo "1926"]
[BlackElo "2153"]
[WhiteFideId "13616757"]
[BlackFideId "357790"]
[EventDate "2016.09.22"]

1. e4 d6 2. d4 Nf6 3. Bd3 e5 4. c3 g6 5. Nf3 Nbd7 6. O-O Bg7 7. b4 O-O 8. Bb2
Re8 9. Nbd2 c6 10. Qb3 Qc7 11. a4 Nf8 12. dxe5 dxe5 13. c4 Nh5 14. c5 Nf4 15.
Bc4 Bg4 16. Ng5 N8e6 17. Nxe6 Bxe6 18. Bxe6 Rxe6 19. Nc4 Rd8 20. Rad1 Ne2+ 21.
Kh1 Nd4 22. Bxd4 exd4 23. Qd3 b6 24. f4 bxc5 25. bxc5 Bf8 26. f5 Ree8 27. f6
Bxc5 28. e5 Rb8 29. Qh3 Qc8 30. Qh4 Rb4 31. Rxd4 Rxe5 32. Rfd1 Rd5 33. Qh6 Bf8
34. Qc1 Rxd4 35. Rxd4 Qf5 36. Rd1 Qxf6 37. Rf1 Qe6 38. Nd2 Bh6 39. Qc3 Rxa4 40.
Rb1 Qd6 41. Nf3 Ra3 42. Qc4 Rd3 43. Qc2 Bf4 44. Re1 Re3 45. Ra1 Re7 46. Qc4 Be5
47. Rb1 Qd5 48. Qc2 c5 0-1

[Event "World Youth Open U16 2016"]
[Site "Khanty-Mansiysk RUS"]
[Date "2016.10.03"]
[Round "11.37"]
[White "D'Avino, Gianfranco"]
[Black "Plaza Reino, Agustin"]
[Result "1-0"]
[WhiteElo "2085"]
[BlackElo "1891"]
[WhiteFideId "884979"]
[BlackFideId "32083483"]
[EventDate "2016.09.22"]

1. d4 d5 2. c4 e6 3. Nc3 Nf6 4. cxd5 exd5 5. Bg5 c6 6. Qc2 Nbd7 7. e3 h6 8. Bh4
Be7 9. Bd3 O-O 10. Nge2 Re8 11. O-O Ne4 12. Bxe7 Qxe7 13. Bxe4 dxe4 14. b4 Nf6
15. Rab1 Bd7 16. Rfc1 Rac8 17. Qa4 a6 18. Qa5 Bg4 19. Ng3 Qd8 20. Qxd8 Rcxd8 21.
h3 Be6 22. Rb2 Bd5 23. Na4 Nd7 24. Nc5 Nxc5 25. bxc5 g6 26. Rxb7 Bxa2 27. Rb6
Bd5 28. Rxa6 Ra8 29. Rb6 Ra2 30. Rcb1 Kg7 31. R1b2 Rea8 32. Ne2 Rxb2 33. Rxb2
Kf6 34. Rb6 g5 35. Nc3 Ke6 36. Rb7 f5 37. Rh7 Ra3 38. Nxd5 Kxd5 39. Rxh6 Ra1+
40. Kh2 Ra6 41. Rf6 f4 42. Rf5+ Kc4 43. Rxg5 fxe3 44. fxe3 Kd3 45. Rg6 Kxe3 46.
d5 Kd4 47. Rxc6 Rxc6 48. dxc6 e3 49. c7 e2 50. c8=Q e1=Q 51. Qf5 Qe8 52. h4 Qb8+
53. g3 Qb2+ 54. Kh3 Qb5 55. Qf6+ Kd5 56. c6 Qb1 57. c7 Qh1+ 58. Kg4 Qd1+ 59.
Qf3+ 1-0

[Event "World Youth Open U16 2016"]
[Site "Khanty-Mansiysk RUS"]
[Date "2016.10.03"]
[Round "11.38"]
[White "Hiebert, Kenji"]
[Black "Thilakarathne, G M S"]
[Result "0-1"]
[WhiteElo "2066"]
[BlackElo "1900"]
[WhiteFideId "7001959"]
[BlackFideId "9913475"]
[EventDate "2016.09.22"]

1. e4 c5 2. Nf3 a6 3. c3 d5 4. exd5 Qxd5 5. d4 Bg4 6. Be2 e6 7. O-O Nf6 8. h3
Bh5 9. Be3 cxd4 10. cxd4 Be7 11. Nc3 Qa5 12. Qb3 Qb4 13. Rfd1 Qxb3 14. axb3 Nc6
15. d5 exd5 16. Nxd5 Nxd5 17. Rxd5 Bg6 18. Bb6 Be4 19. Rdd1 Bf6 20. Rd2 O-O 21.
g3 Rfe8 22. Nd4 Nxd4 23. Bxd4 Bxd4 24. Rxd4 Rad8 25. Rad1 Rxd4 26. Rxd4 Bc6 27.
Rd2 g6 28. f4 Re3 29. Kf2 Rxb3 30. Rc2 a5 31. Bd1 Rb4 32. b3 h5 33. Rc5 Rb5 34.
Rxb5 Bxb5 35. Ke3 Kf8 36. h4 Ke7 37. g4 hxg4 38. Bxg4 Bd7 39. Bd1 Kd6 40. Kd4 b5
41. h5 gxh5 42. Bxh5 Be6 43. Bd1 f6 44. Bc2 Bd7 45. Bb1 a4 46. bxa4 bxa4 47. Kc4
Be6+ 48. Kb4 Bb3 49. f5 Kd5 50. Ka3 Kc4 51. Be4 Kc5 52. Bb1 Kd4 53. Kb2 Bc4 54.
Bc2 Bb3 55. Bb1 Ke3 56. Kc3 Bd1 57. Kb4 Bb3 58. Kc3 Bd5 59. Kb4 Be4 60. Ba2 Bxf5
61. Kxa4 Bc2+ 62. Kb4 f5 63. Be6 f4 64. Bg4 Bd3 65. Kc3 Be2 66. Bd7 f3 67. Bc6
f2 68. Bg2 Ba6 69. Kc2 Ke2 70. Bh3 Ke1 71. Kc1 Bf1 72. Bd7 Bg2 73. Bb5 Bf3 74.
Ba6 Be2 0-1

[Event "World Youth Open U16 2016"]
[Site "Khanty-Mansiysk RUS"]
[Date "2016.10.03"]
[Round "11.39"]
[White "Herath, H M A K"]
[Black "Maerevoet, Sim"]
[Result "1-0"]
[WhiteElo "1860"]
[BlackElo "1771"]
[WhiteFideId "9910859"]
[BlackFideId "241725"]
[EventDate "2016.09.22"]

1. e4 g6 2. d4 Bg7 3. Nc3 d6 4. f4 Nd7 5. Nf3 e6 6. Bd3 Ne7 7. O-O h6 8. f5 exf5
9. exf5 g5 10. Ne2 Nf6 11. Ng3 a6 12. c4 b6 13. Qe2 Bb7 14. Bd2 Qd7 15. Rae1 Kd8
16. Bc3 Re8 17. Qc2 Kc8 18. d5 Bh8 19. Nd2 Kb8 20. Nde4 Nxe4 21. Rxe4 Bxc3 22.
Qxc3 Ka7 23. Qg7 Ng8 24. f6 Rad8 25. Rxe8 Qxe8 26. Bh7 Bc8 27. Ne4 Qe5 28. Qxf7
Qd4+ 29. Kh1 Qxc4 30. Nd2 Qc5 31. Bxg8 Bb7 32. Nb3 Qc4 33. Rc1 Qe4 34. Qe6 Qd3
35. f7 Bxd5 36. Qe7 Bb7 37. f8=Q Rxf8 38. Qxf8 Qe2 39. Qf1 1-0

[Event "World Youth Open U16 2016"]
[Site "Khanty-Mansiysk RUS"]
[Date "2016.10.03"]
[Round "11.40"]
[White "Chumak, Dmitrii"]
[Black "Marais, Daniel"]
[Result "1-0"]
[WhiteElo "1791"]
[BlackElo "1850"]
[WhiteFideId "34106658"]
[BlackFideId "14309440"]
[EventDate "2016.09.22"]

1. e4 e5 2. Nf3 Nc6 3. Bc4 Nf6 4. d3 Be7 5. O-O d6 6. h3 O-O 7. c3 Na5 8. Bb3
Nxb3 9. axb3 h6 10. Re1 Nh7 11. d4 Ng5 12. Bxg5 Bxg5 13. dxe5 Bf4 14. exd6 Qf6
15. d7 Bxd7 16. Qxd7 Rfd8 17. Qf5 1-0

[Event "World Youth Open U16 2016"]
[Site "Khanty-Mansiysk RUS"]
[Date "2016.10.03"]
[Round "11.41"]
[White "Hsieh, Wen-Chin"]
[Black "Zubehhin, Aleksei"]
[Result "0-1"]
[WhiteElo "1063"]
[BlackElo "1866"]
[WhiteFideId "16301013"]
[BlackFideId "4503554"]
[EventDate "2016.09.22"]

1. e4 c5 2. Nc3 d6 3. g3 g6 4. Bg2 Bg7 5. f4 Nc6 6. Nf3 e6 7. d3 Nge7 8. Be3 O-O
9. O-O b6 10. Qd2 d5 11. Nd1 Ba6 12. e5 f6 13. exf6 Bxf6 14. Bh3 Qd6 15. Re1
Rae8 16. c3 Nf5 17. d4 cxd4 18. Nxd4 Nfxd4 19. Bxd4 e5 20. Be3 d4 21. Nf2 Qc7
22. cxd4 exd4 23. Bxd4 Nxd4 24. Bf1 Nf3+ 0-1